Central Library OPAC University of Rajshahi

Avesta eschatology compared with the books of Daniel and Revelations : (Record no. 32380)

MARC details
000 -LEADER
fixed length control field 01036cam a22002652 4500
001 - CONTROL NUMBER
control field 32380
003 - CONTROL NUMBER IDENTIFIER
rucl marc code BD-RjUL
005 - DATE AND TIME OF LATEST TRANSACTION
control field 20211209051828.0
008 - FIXED-LENGTH DATA ELEMENTS--GENERAL INFORMATION
fixed length control field 140426s1908 iluc 000 0 eng d
035 ## - SYSTEM CONTROL NUMBER
System control number OCLC ocm02046394 from D971103T
-- BD-RjUL
040 ## - CATALOGING SOURCE
Original cataloging agency DLC
Transcribing agency IYU
Modifying agency BD-RjUL
-- EQO
Language of cataloging eng
041 ## - LANGUAGE CODE
Language code of text/sound track or separate title eng
082 ## - DEWEY DECIMAL CLASSIFICATION NUMBER
Classification number 295
Author mark and year MIA 1908
100 1# - MAIN ENTRY--PERSONAL NAME
Personal name Mills, Lawrence Heyworth
Dates associated with a name 1837-1918.
9 (RLIN) 97979
245 10 - TITLE STATEMENT
Title Avesta eschatology compared with the books of Daniel and Revelations :
Remainder of title hæmebeing supplementary to Zarathushtra, Philo, the Achæmenids and Israel /
Statement of responsibility, etc. by Dr. Lawrence H. Mills.
260 ## - PUBLICATION, DISTRIBUTION, ETC. (IMPRINT)
Place of publication, distribution, etc. Chicago :
Name of publisher, distributor, etc. The Open court publishing company ;
Place of publication, distribution, etc. London :
Name of publisher, distributor, etc. K. Paul, Trench, Trübner & co., ltd.,
Date of publication, distribution, etc. 1908.
300 ## - PHYSICAL DESCRIPTION
Pagination vii, 85 p. ;
Illustrations front. (port.)
Size 24 cm.
650 #0 - SUBJECT ADDED ENTRY--TOPICAL TERM
Topical term or geographic name as entry element Zoroastrianism.
9 (RLIN) 98519
Topical term or geographic name as entry element Eschatology.
9 (RLIN) 70843
Topical term or geographic name as entry element Judaism
General subdivision Relations
-- Zoroastrianism.
9 (RLIN) 97982
Topical term or geographic name as entry element Christianity and other religions
General subdivision Zoroastrianism.
9 (RLIN) 97981
942 ## - ADDED ENTRY ELEMENTS (KOHA)
Source of classification or shelving scheme Dewey Decimal Classification
Koha item type Books
Holdings
Lost status Source of classification or shelving scheme Damaged status Not for loan Collection code Permanent Location Current Location Shelving location Date acquired Source of acquisition Cost, normal purchase price Total Checkouts Full call number Date last seen Copy number Koha item type
  Dewey Decimal Classification   Not For Loan Non-fiction Central Library, University of Rajshahi Central Library, University of Rajshahi Reading Room 27/06/1988 Not Fount. 0.00   295 MIA 1908 26/04/2014 C-1 Books